| 000 | 00939na a2200277 4500 | ||
|---|---|---|---|
| 001 | 23237 | ||
| 003 | MIRAKIL | ||
| 005 | 20181213154923.0 | ||
| 008 | 181105b tu 000 0 | ||
| 020 | _a9789752935563 | ||
| 040 |
_aMilas _btur _cTR-AnCHP |
||
| 041 | _atur | ||
| 082 |
_a923.2 Erdoğan,R.T. _bK26r 2007 |
||
| 090 | _a923.2 Erdoğan,R.T. K26r 2007 | ||
| 100 | _aKaplan, Sefa | ||
| 245 |
_aRecep Tayyip Erdoğan _bGeleceği etkileyecek siyasi liderler _cSefa Kaplan |
||
| 246 | _aGeleceği etkileyecek siyasi liderler | ||
| 260 |
_aİstanbul _bDoğan Kitap _c2007 |
||
| 300 |
_a142 s. _c23 sm. |
||
| 600 |
_aErdoğan, Recep Tayyip _cAKP Genel Başkanı _d1954- _xYaşamöyküsü |
||
| 600 |
_aErdoğan, Recep Tayyip _cCumhurbaşkanı _d1954- _xYaşamöyküsü |
||
| 650 |
_aSiyaset ve yönetim _xTürkiye |
||
| 650 |
_aSiyasetçiler _xYaşamöyküsü |
||
| 740 | _aGeleceği etkileyecek siyasi liderler | ||
| 942 |
_2ddc _cBKS |
||
| 999 |
_c3186 _d3186 |
||